000 00325nam a22001337a 4500
008 171106b xxu||||| |||| 00| 0 eng d
020 _a9780132109963
041 _aeng
080 _214 ED
_a330.722.6
100 _a61
101 _aKON
245 _aCOST ACCOUTING A MANAGERIAL EMPHASIS
_cCHARLES.T.H
942 _2udc
_cBK
999 _c37783
_d37783